Efektívnosť riadenia nákladov v neziskovom sektore
Zisk je možné zvyšovať dvoma základnými spôsobmi, a to prostredníctvom zvýšenia objemu tržieb alebo znížením nákladov. Prijateľnejšou alternatívou zvyšovania ziskovosti je cesta znižovania nákladov cez zvyšovanie efektívnosti výkonov prostredníctvom dosahovania rovnakých výnosov s nižšími nákladmi....
Gespeichert in:
| 1. Verfasser: | |
|---|---|
| Format: | Buchkapitel |
| Sprache: | Slowakisch |
| Schlagworte: | |
| Tags: |
Keine Tags, Fügen Sie das erste Tag hinzu!
|
MARC
| LEADER | 00000nla a2200000 4500 | ||
|---|---|---|---|
| 001 | 0195432 | ||
| 005 | 20240522123756.7 | ||
| 041 | 0 | |a slo | |
| 044 | |a SK | ||
| 245 | 1 | 0 | |a Efektívnosť riadenia nákladov v neziskovom sektore |c Lucia Jantošová |
| 520 | |a Zisk je možné zvyšovať dvoma základnými spôsobmi, a to prostredníctvom zvýšenia objemu tržieb alebo znížením nákladov. Prijateľnejšou alternatívou zvyšovania ziskovosti je cesta znižovania nákladov cez zvyšovanie efektívnosti výkonov prostredníctvom dosahovania rovnakých výnosov s nižšími nákladmi. Členenie nákladov. Obsahová rozdielnosť medzi nákladmi vo finančnom a manažérskom účtovníctve. Analýza efektívnosti nákladov. Nákladové ukazovatele a ich analýza v nemocniciach SR. | ||
| 610 | 2 | 0 | |a podnik |
| 610 | 2 | 0 | |a zisk podnikový |
| 610 | 2 | 0 | |a náklady |
| 610 | 2 | 0 | |a znižovanie nákladov |
| 610 | 2 | 0 | |a analýza nákladov |
| 610 | 2 | 0 | |a efektívnosť |
| 610 | 2 | 0 | |a nemocnice |
| 610 | 2 | 0 | |a Slovensko |
| 100 | 1 | |a Jantošová, Lucia | |